Statistiques concernant Trouvez le nom de l'actrice - Série 04

Cliquez ici pour prendre le quiz!

Statistiques générales

  • Ce quiz a été pris 45 fois
  • Le résultat moyen est 4 sur 10

Statistiques - réponses

FilmsActrice% Correct
Astérix et Obélix contre César - Errance - Gainsbourg, vie héroïqueLaetitia Casta
63%
La plage - les adieux à la reine - L'emmerdeurVirginie Ledoyen
59%
Un homme et une femme - La dolce vita - Vivre pour vivreAnouk Aimée
51%
Les nuits fauves - L'amour flou - Un couteau dans le coeurRomane Bohringer
44%
A nos amours - Monsieur Hire - PoliceSandrine Bonnaire
44%
Un éléphant ça trompe énormément - Le grand pardon - GerminalAnny Duperey
37%
La vérité si je mens - De battre mon cœur s'est arrêté - BimbolandAure Atika
37%
Place Vendôme - Le fils préféré - Mon oncle d'AmériqueNicole Garcia
32%
Un dimanche à la campagne - Donnant donnant - La fille du puisatierSabine Azéma
24%
Cousin cousine - L'as des as - Le prix du dangerMarie France Pisier
12%

Distribution des résultats

Percentile par nombre de réponses

% des personnes avec chaque résultat

Votre développement - résultats

Vous n’avez pas pris ce quiz